[Event "AUTO-ADV-1353"]
[Site "http://www.queenalice.com/game.php?id=598403"]
[Date "2009.6.4"]
[Round "1"]
[White "THEJEGUE"]
[Black "ivanzinho"]
[Result "0-1"]
[WhiteElo "1733"]
[BlackElo "1683"]

1. e4 e5 2. Nf3 Nc6 3. Bb5 a6 4. Bxc6 dxc6 5. Nxe5 Bd6 6. Nc4 Qe7 7. f3 b5 8.
Ne3 Bb7 9. a3 O-O-O 10. O-O Nf6 11. b4 h5 12. Nf5 Qe5 13. Nxg7 Qxh2+ 14. Kf2
Qg3+ 15. Kg1 Qxg7 16. Qe1 Rdg8 17. Rf2 Bg3 18. Qe2 Bxf2+ 19. Qxf2 h4 20. Kf1 h3
21. gxh3 Rxh3 22. d3 Qh7 23. Bf4 Rh1+ 24. Ke2 Nh5 25. Ke3 Nxf4 26. Kxf4 Qh6+ 27.
Ke5 Rd8 28. Qa7 Rh5# 0-1

[Event "AUTO-ADV-1353"]
[Site "http://www.queenalice.com/game.php?id=598404"]
[Date "2009.6.4"]
[Round "1"]
[White "ivanzinho"]
[Black "THEJEGUE"]
[Result "1-0"]
[WhiteElo "1717"]
[BlackElo "1697"]

1. e4 e5 2. Nf3 d6 3. d4 f6 4. Bb5+ Bd7 5. Bxd7+ Nxd7 6. Nc3 c5 7. dxc5 Nxc5 8.
O-O Qb6 9. Nd5 Qd8 10. Re1 Ne7 11. c4 Nxd5 12. cxd5 Qb6 13. Be3 Rc8 14. Rc1 Qxb2
15. Rb1 Qxa2 16. Bxc5 Rxc5 17. Rxb7 Rc8 18. Re2 Qc4 19. Rb1 g5 20. Reb2 Be7 21.
Nd2 Qd3 22. Qa4+ Kf7 23. Qxa7 Rc2 24. Nf1 Rxb2 25. Rxb2 Qxe4 26. Rb7 Re8 27. h3
Qxd5 28. Ng3 Qe6 29. Ne4 d5 30. Nc5 Qd6 31. Na4 Kg6 32. Nb6 Qc5 33. Rc7 Qb4 34.
Nc8 Qe1+ 35. Kh2 Qxf2 36. Qxf2 1-0

[Event "AUTO-ADV-1353"]
[Site "http://www.queenalice.com/game.php?id=598415"]
[Date "2009.6.4"]
[Round "1"]
[White "carlitomontana93270"]
[Black "ivanzinho"]
[Result "1-0"]
[WhiteElo "1717"]
[BlackElo "1679"]

1. c4 Nf6 2. b3 g6 3. Bb2 Bg7 4. e3 O-O 5. d4 b6 6. Nf3 Bb7 7. Nbd2 d6 8. Bd3
Nbd7 9. d5 Nc5 10. Bc2 Re8 11. O-O e6 12. e4 exd5 13. exd5 Nce4 14. Re1 Ng4 15.
Bxg7 Kxg7 16. Rxe4 1-0

[Event "AUTO-ADV-1353"]
[Site "http://www.queenalice.com/game.php?id=598416"]
[Date "2009.6.4"]
[Round "1"]
[White "ivanzinho"]
[Black "carlitomontana93270"]
[Result "1-0"]
[WhiteElo "1667"]
[BlackElo "1676"]

1. e4 c5 2. Nf3 b6 3. d4 Bb7 4. Nc3 e6 5. Bb5 a6 6. Be2 cxd4 7. Nxd4 Nc6 8. Nxc6
Bxc6 9. O-O d5 10. exd5 exd5 11. Bf3 Nf6 12. Bg5 Be7 13. Qd2 O-O 14. Rfe1 b5 15.
Rad1 Bb4 16. a3 Bxc3 17. Qxc3 Rc8 18. Qb4 Bb7 19. Re7 Nd7 20. Rde1 Qc7 21. Bg4
Bc6 22. g3 f5 23. Bf4 Qd8 24. Bd1 Nf6 25. f3 Rc7 26. Rxc7 Bd7 27. Re7 Be8 28.
Rxg7+ Kh8 29. Qxf8+ Ng8 30. Qxg8# 1-0

[Event "AUTO-ADV-1353"]
[Site "http://www.queenalice.com/game.php?id=598423"]
[Date "2009.6.4"]
[Round "1"]
[White "ivanzinho"]
[Black "rob0330"]
[Result "1-0"]
[WhiteElo "1652"]
[BlackElo "1789"]

1. e4 e5 2. Nf3 Nc6 3. Bb5 Nd4 4. Nxd4 exd4 5. O-O c6 6. Bc4 Bd6 7. Qf3 Nf6 8.
d3 Qc7 9. g3 b5 10. Bb3 c5 11. c4 a6 12. Re1 Bb7 13. Qe2 Be7 14. Bf4 d6 15. Nd2
O-O-O 16. cxb5 axb5 17. Bxf7 Rhf8 18. Be6+ Nd7 19. Rec1 Rf6 20. Bb3 Ne5 21. a4
Nxd3 22. axb5 Nxc1 23. Rxc1 h6 24. e5 dxe5 25. Bxe5 Re6 26. Bxe6+ 1-0

[Event "AUTO-ADV-1353"]
[Site "http://www.queenalice.com/game.php?id=598424"]
[Date "2009.6.4"]
[Round "1"]
[White "rob0330"]
[Black "ivanzinho"]
[Result "1-0"]
[WhiteElo "1740"]
[BlackElo "1693"]

1. Nf3 Nf6 2. d4 d5 3. e3 e6 4. Bd3 b6 5. O-O Be7 6. c4 Bb7 7. Nc3 dxc4 8. Bxc4
O-O 9. Re1 c5 10. e4 Nbd7 11. d5 exd5 12. exd5 Re8 13. Nh4 Bd6 14. Bg5 h6 15.
Nf5 Bxh2+ 16. Kxh2 Ng4+ 17. Qxg4 1-0

[Event "AUTO-INT-1333"]
[Site "http://www.queenalice.com/game.php?id=598599"]
[Date "2009.6.4"]
[Round "1"]
[White "carlitomontana93270"]
[Black "ivanzinho"]
[Result "0-1"]
[WhiteElo "1692"]
[BlackElo "1701"]

1. c4 Nf6 2. b3 g6 3. Bb2 Bg7 4. e3 O-O 5. d4 b6 6. Nf3 Bb7 7. Nbd2 d6 8. Bd3
Nbd7 9. O-O c5 10. d5 Re8 11. e4 e6 12. e5 dxe5 13. Nxe5 exd5 14. Ndf3 dxc4 15.
Bxc4 Bxf3 16. Nxf3 Qc7 17. Bxf6 Bxf6 18. Rb1 Rad8 19. Qd5 Ne5 20. Qe4 Nxc4 21.
Qxc4 Re6 22. Rfe1 Rxe1+ 23. Rxe1 Qd7 24. Qc2 g5 25. h3 h5 26. Qe2 g4 27. hxg4
hxg4 28. Nh2 g3 29. Qg4+ Qxg4 30. Nxg4 gxf2+ 31. Nxf2 Rd2 32. Ne4 Bd4+ 33. Kh2
Rxa2 34. Nd6 Rb2 35. Re8+ Kg7 36. Nf5+ Kg6 37. Nh4+ Kh5 38. Nf3 Rxb3 39. Ra8 a5
40. Rf8 Kg6 41. Re8 a4 42. Re4 a3 43. Rg4+ Kf5 44. Rg5+ Ke6 45. Nd2 Be3 46. Rg3
Bf4 47. Nxb3 Bxg3+ 48. Kxg3 c4 49. Na1 b5 50. Kf2 b4 51. Ke2 b3 52. Kd2 b2 0-1

[Event "AUTO-INT-1333"]
[Site "http://www.queenalice.com/game.php?id=598600"]
[Date "2009.6.4"]
[Round "1"]
[White "ivanzinho"]
[Black "carlitomontana93270"]
[Result "0-1"]
[WhiteElo "1665"]
[BlackElo "1731"]

1. e4 c5 2. Nf3 b6 3. d4 Bb7 4. Nc3 e6 5. Bc4 cxd4 6. Nxd4 Bc5 7. O-O Nc6 8.
Nxc6 Bxc6 9. Qg4 Qf6 10. Bg5 Qg6 11. Rae1 Nf6 12. Qh4 Be7 13. e5 Ng8 14. Ne4
Bxe4 15. Rxe4 Bxg5 0-1

[Event "AUTO-INT-1333"]
[Site "http://www.queenalice.com/game.php?id=598616"]
[Date "2009.6.4"]
[Round "1"]
[White "abc123"]
[Black "ivanzinho"]
[Result "0-1"]
[WhiteElo "1366"]
[BlackElo "1732"]

1. d4 d5 2. c4 c6 3. e3 Nf6 4. Nf3 e6 5. Bd3 dxc4 6. Bxc4 b5 7. Bd3 Nbd7 8. O-O
Bd6 9. Bd2 O-O 10. e4 Bc7 0-1

[Event "AUTO-INT-1333"]
[Site "http://www.queenalice.com/game.php?id=598617"]
[Date "2009.6.4"]
[Round "1"]
[White "ivanzinho"]
[Black "jck2"]
[Result "0-1"]
[WhiteElo "1652"]
[BlackElo "1402"]

1. e4 c6 2. d4 d5 3. e5 Bf5 4. Nc3 e6 5. g4 Bg6 6. h4 h6 7. Nge2 c5 8. Nf4 Bh7
9. Bb5+ Nc6 10. dxc5 Bxc5 11. Na4 Qa5+ 12. Nc3 a6 13. Bxc6+ bxc6 14. Bd2 Qb6 15.
O-O Ne7 16. Na4 Qb5 17. Nxc5 Qxc5 18. b4 Qxc2 19. Qxc2 Bxc2 20. Rfc1 Ba4 21. Nd3
Bb5 22. Nc5 Ng6 23. a4 Bc4 24. h5 Nxe5 0-1

[Event "AUTO-INT-1333"]
[Site "http://www.queenalice.com/game.php?id=598618"]
[Date "2009.6.4"]
[Round "1"]
[White "jck2"]
[Black "ivanzinho"]
[Result "1-0"]
[WhiteElo "1453"]
[BlackElo "1693"]

1. d4 d5 2. Nf3 Nf6 3. e3 c6 4. c4 e6 5. Nc3 dxc4 6. Bxc4 Nbd7 7. O-O b5 8. Bd3
Bb7 9. a3 a6 10. b4 Be7 11. Bb2 O-O 12. Qc2 Qc7 13. Ng5 g6 14. Qe2 Rfe8 15. f4
Rad8 16. Rac1 Nb6 17. Nce4 Nxe4 18. Bxe4 f5 19. Nxe6 Qb8 20. Nxd8 Rxd8 21. Bxc6
Nc4 22. Bxb7 Qxb7 23. Rfd1 Qe4 24. Re1 Bh4 25. g3 Bf6 26. Rxc4 bxc4 27. Qxc4+
Kg7 28. Qxa6 Qc2 29. Rc1 Qxb2 30. Rc7+ Be7 31. Rxe7+ Kh6 32. Qf1 1-0

[Event "AUTO-OPEN-3087"]
[Site "http://www.queenalice.com/game.php?id=1219685"]
[Date "2013.9.25"]
[Round "1"]
[White "clovis"]
[Black "ivanzinho"]
[Result "1-0"]
[WhiteElo "1935"]
[BlackElo "1751"]

1. e4 c5 2. Nf3 d6 3. d4 cxd4 4. Qxd4 Nc6 5. Bb5 Bd7 6. Qd3 Qb6 7. Nc3 Nf6 8.
O-O Rd8 9. Nd5 Nxd5 10. exd5 Ne5 11. Bxd7+ Rxd7 12. Nxe5 dxe5 13. Be3 Qd6 14.
Bxa7 b6 15. Bxb6 Qxb6 16. c4 g6 17. b4 Bg7 18. c5 Qxb4 19. c6 Rc7 20. Rab1 1-0

[Event "AUTO-OPEN-3087"]
[Site "http://www.queenalice.com/game.php?id=1219686"]
[Date "2013.9.25"]
[Round "1"]
[White "ivanzinho"]
[Black "clovis"]
[Result "1-0"]
[WhiteElo "1728"]
[BlackElo "1915"]

1. e4 e5 2. Nf3 Nc6 3. Bb5 f5 4. Nc3 fxe4 5. Nxe4 d5 6. Ng3 e4 7. Qe2 Nf6 8. Nd4
Bd7 9. Nxc6 bxc6 10. Ba4 Bd6 11. d3 O-O 12. O-O exd3 13. Qxd3 h5 14. Bg5 Qe8 15.
Rae1 Qf7 16. Bb3 c5 17. Bxf6 gxf6 18. Bxd5 Be6 19. Bxe6 1-0

[Event "AUTO-OPEN-3087"]
[Site "http://www.queenalice.com/game.php?id=1219713"]
[Date "2013.9.25"]
[Round "1"]
[White "ivanzinho"]
[Black "josebaron"]
[Result "0-1"]
[WhiteElo "1720"]
[BlackElo "1956"]

1. e4 e5 2. Nf3 Nc6 3. Bb5 d6 4. d4 exd4 5. Qxd4 Bd7 6. Bxc6 bxc6 7. O-O Nf6 8.
Bg5 Be7 9. Re1 O-O 10. Nc3 h6 11. Bh4 Nh7 12. Bg3 Ng5 13. Nxg5 Bxg5 14. f4 Bh4
15. Bxh4 Qxh4 16. g3 Qg4 17. Rad1 Rfd8 18. a4 a5 19. Re3 f5 20. e5 d5 21. e6 Be8
22. e7 Rd6 23. Rde1 Qg6 24. Re5 Bf7 25. Qd3 Re6 26. Rxe6 Bxe6 27. Qd4 Re8 28.
Qc5 Bd7 29. Qxa5 Qd6 30. b4 Rxe7 31. Rxe7 Qxe7 0-1

[Event "AUTO-OPEN-3087"]
[Site "http://www.queenalice.com/game.php?id=1219714"]
[Date "2013.9.25"]
[Round "1"]
[White "josebaron"]
[Black "ivanzinho"]
[Result "1-0"]
[WhiteElo "1949"]
[BlackElo "1727"]

1. e4 c5 2. Bc4 e6 3. Nf3 Nc6 4. c3 b6 5. O-O Bd6 6. Re1 Qc7 7. d3 Nf6 8. h3 O-O
9. a4 Be7 10. e5 Nd5 11. Bxd5 exd5 12. d4 d6 13. exd6 Qxd6 14. dxc5 bxc5 15. a5
Re8 16. Bg5 Be6 17. Bxe7 Rxe7 18. Ng5 Rae8 19. Nxe6 Rxe6 20. Rxe6 Rxe6 21. Nd2
c4 22. Nf3 Ne5 23. Nd4 a6 24. Nxe6 Qxe6 25. Qd4 Nd3 26. Qb6 Qc8 27. b4 cxb3 28.
Qxb3 h6 29. Rd1 Nc5 30. Qxd5 Na4 31. Qd8+ Qxd8 32. Rxd8+ 1-0

[Event "AUTO-OPEN-3087"]
[Site "http://www.queenalice.com/game.php?id=1219715"]
[Date "2013.9.25"]
[Round "1"]
[White "ivanzinho"]
[Black "Andrez"]
[Result "0-1"]
[WhiteElo "1742"]
[BlackElo "2006"]

1. e4 e5 2. Nf3 Nc6 3. Bb5 d6 4. d4 exd4 5. Qxd4 Bd7 6. Bxc6 Bxc6 7. Nc3 Nf6 8.
Bg5 Be7 9. O-O-O O-O 10. Rhe1 h6 11. Bh4 a6 12. Bg3 Re8 13. Nd5 Nxd5 14. exd5
Bd7 15. Re3 Bf6 16. Qd2 Bg4 17. Rde1 Rxe3 18. Rxe3 Bxf3 19. Rxf3 Qd7 20. Re3 Qb5
21. b3 Qf1+ 22. Qe1 Qxg2 23. Re4 Qf3 24. Qe3 Qg2 25. Qe1 b5 26. Re8+ Rxe8 27.
Qxe8+ Kh7 28. Qxf7 Qe4 29. Qe6 Qf3 30. h4 Bc3 0-1

[Event "AUTO-OPEN-3087"]
[Site "http://www.queenalice.com/game.php?id=1219716"]
[Date "2013.9.25"]
[Round "1"]
[White "Andrez"]
[Black "ivanzinho"]
[Result "1-0"]
[WhiteElo "1990"]
[BlackElo "1734"]

1. f4 d5 2. Nf3 c5 3. e3 Nf6 4. b3 g6 5. Bb2 Bg7 6. Be2 O-O 7. O-O Nc6 8. a4 a5
9. Qe1 Qb6 10. Ne5 Bf5 11. Na3 Nd7 12. Nxd7 Bxd7 13. Bxg7 Kxg7 14. h4 e5 15.
fxe5 Rfe8 16. Qf2 Re7 17. Qf6+ Kg8 18. Bb5 Rae8 19. h5 Re6 20. Qxf7+ Kh8 21.
Qxd7 R8e7 22. Qxd5 1-0

[Event "AUTO-ADV-2966"]
[Site "http://www.queenalice.com/game.php?id=1219825"]
[Date "2013.9.25"]
[Round "1"]
[White "oniwa"]
[Black "ivanzinho"]
[Result "1-0"]
[WhiteElo "2024"]
[BlackElo "1701"]

1. d4 Nf6 2. Nc3 e6 3. e4 Bb4 4. e5 Nd5 5. Bd2 Nxc3 6. Bxc3 Bxc3+ 7. bxc3 O-O 8.
Bd3 Nc6 9. Qh5 g6 10. Qg4 d6 11. Nf3 dxe5 12. dxe5 f5 13. Qf4 Ne7 14. O-O-O Nd5
15. Qd4 Nb6 16. Bc4 Nxc4 17. Qxc4 Bd7 18. Rd3 Rf7 19. Rhd1 Qe7 20. Rxd7 1-0

[Event "AUTO-ADV-2966"]
[Site "http://www.queenalice.com/game.php?id=1219826"]
[Date "2013.9.25"]
[Round "1"]
[White "ivanzinho"]
[Black "oniwa"]
[Result "0-1"]
[WhiteElo "1698"]
[BlackElo "2027"]

1. e4 e5 2. Nf3 Nc6 3. Bb5 a6 4. Ba4 Nf6 5. O-O d5 6. exd5 Qxd5 7. Nc3 Qd8 8.
Re1 b5 9. Bb3 Bd6 10. d3 Bg4 11. Nd5 Nd4 12. Bg5 Nxf3+ 13. gxf3 Bh3 14. f4 h6
15. fxe5 hxg5 16. exd6+ Kf8 17. dxc7 Qd6 18. Qf3 Bg4 19. Qg3 Qc5 0-1

[Event "AUTO-ADV-2966"]
[Site "http://www.queenalice.com/game.php?id=1219841"]
[Date "2013.9.25"]
[Round "1"]
[White "ivanzinho"]
[Black "josebaron"]
[Result "0-1"]
[WhiteElo "1707"]
[BlackElo "1969"]

1. e4 e5 2. Nf3 Nc6 3. Bb5 d6 4. d4 exd4 5. Qxd4 Bd7 6. Bxc6 bxc6 7. O-O Nf6 8.
Bg5 Be7 9. Re1 c5 10. Qe3 O-O 11. Nc3 Ne8 12. Bxe7 Qxe7 13. Nd5 Qd8 14. e5 f5
15. e6 Bxe6 16. Qxe6+ Kh8 17. Re2 c6 18. Nf4 Rf6 19. Qe3 h6 20. Rae1 Nc7 21. c4
Kh7 22. Qe7 Kg8 23. Nh5 Rf7 24. Qe3 Kh7 25. Qd3 g6 26. Nf4 Qd7 27. Ne6 Re8 28.
Nxc7 Rxe2 29. Rxe2 Qxc7 30. Rd2 Rf6 31. Qc3 Re6 32. h4 Re4 0-1

[Event "AUTO-ADV-2966"]
[Site "http://www.queenalice.com/game.php?id=1219842"]
[Date "2013.9.25"]
[Round "1"]
[White "josebaron"]
[Black "ivanzinho"]
[Result "1-0"]
[WhiteElo "1963"]
[BlackElo "1713"]

1. e4 c5 2. Bc4 e6 3. Nf3 Nc6 4. O-O b6 5. e5 d5 6. exd6 Bxd6 7. Re1 Nf6 8. Bb5
Bb7 9. d4 O-O 10. dxc5 Bxc5 11. Nc3 Qc7 12. Bxc6 Bxc6 13. Be3 Rad8 14. Qc1 Rd7
15. Bxc5 bxc5 16. Qe3 Qb6 17. b3 Rfd8 18. Ne5 Rd6 19. Nxc6 Qxc6 20. h3 Nd5 21.
Nxd5 Rxd5 22. c4 Rd3 23. Qf4 a5 24. f3 R8d4 25. Qg3 Qd6 26. Qxd6 Rxd6 27. Rab1
Rd2 28. Rf1 Rxa2 29. Rf2 Rdd2 30. Rxd2 Rxd2 31. Ra1 1-0

[Event "AUTO-ADV-2966"]
[Site "http://www.queenalice.com/game.php?id=1219843"]
[Date "2013.9.25"]
[Round "1"]
[White "ivanzinho"]
[Black "Andrez"]
[Result "0-1"]
[WhiteElo "1732"]
[BlackElo "2016"]

1. e4 e5 2. Nf3 Nc6 3. Bb5 d6 4. d4 exd4 5. Qxd4 Bd7 6. Bxc6 Bxc6 7. Nc3 Nf6 8.
Bg5 Be7 9. O-O-O h6 10. Bh4 O-O 11. Rhe1 Re8 12. Nd5 Bxd5 13. exd5 Nh7 14. Bxe7
Rxe7 15. Re3 Rxe3 16. fxe3 a6 17. e4 g5 18. g4 Qd7 19. h3 Re8 20. Re1 Nf8 21. b3
Qd8 22. Rf1 Ng6 23. Nd2 Nf4 24. Qe3 Re7 25. Rxf4 gxf4 26. Qxf4 Qf8 27. g5 h5 28.
Qf3 Qg7 29. Qxh5 Re5 0-1

[Event "AUTO-ADV-2966"]
[Site "http://www.queenalice.com/game.php?id=1219844"]
[Date "2013.9.25"]
[Round "1"]
[White "Andrez"]
[Black "ivanzinho"]
[Result "1-0"]
[WhiteElo "2011"]
[BlackElo "1737"]

1. f4 d5 2. Nf3 c5 3. e3 Nf6 4. b3 e6 5. Bb2 Be7 6. Be2 O-O 7. O-O Nc6 8. a4 b6
9. Qe1 Nb4 10. Na3 Ne4 11. d3 Nd6 12. Qg3 Nf5 13. Qf2 Ba6 14. e4 dxe4 15. dxe4
Bxe2 16. Qxe2 Nd4 17. Nxd4 cxd4 18. Rad1 Bc5 19. Kh1 Qd7 20. Nb5 Nc6 21. Rd3
Rad8 22. Rfd1 Nb4 23. R3d2 Nc6 24. c3 Rfe8 25. cxd4 Bb4 26. Rd3 a6 27. d5 exd5
28. Rxd5 Qe7 29. Nc3 a5 30. Qg4 g6 31. h4 h5 32. Rxh5 1-0